Dom tekstylny Weichmanna w Gliwicach - nieznane dzieło Ericha Mendelsohna
| Titel: | Dom tekstylny Weichmanna w Gliwicach - nieznane dzieło Ericha Mendelsohna / Leszek Jodliński |
|---|---|
| Verfasser: | |
| Veröffentlicht: | Gliwice, 1994 |
| Umfang: | 76 S. : Ill., graph. Darst. |
| Format: | Buch |
| Sprache: | Polnisch |
| Schriftenreihe/ mehrbändiges Werk: |
Seria monograficzna / Muzeum w Gliwicach ; 4 |
X
alg: 4613899 001A $03004:04-03-96 001B $01999:18-10-24 $t18:32:25.000 001C $06002:02-03-06 $t05:59:28.000 001D $09999:99-99-99 001U $0utf8 001X $00 002@ $0Aau 003@ $0046138994 003O $069570077 $aOCoLC 007A $0046138994 $aHEB 007T $0Herdhh046138994 010@ $apol 011@ $a1994 013H $0z 021A $aDom tekstylny Weichmanna w Gliwicach - nieznane dzieło Ericha Mendelsohna $hLeszek Jodliński 027A $aSeidenhaus Weichmann 028A $RJodliński $D20231015 $Ecgwrk $71220641308 $8Jodliński, Leszek$Z1967- [Tp3] $9471335681 033A $pGliwice 034D $a76 S. 034M $aIll., graph. Darst. 036E $aSeria monograficzna / Muzeum w Gliwicach $l4 036F $x14 $8Seria monograficzna / Muzeum w Gliwicach $9186249942 $l4 044K $RGleiwitz $#Dom Tekstylny Weichmanna Gleiwitz $74407884-5 $8Seidenhaus Weichmann$gGleiwitz [Tg1] $9088573966 045F $a709.4385 $eDDC23BSB 045F/01 $a709 045F/03 $g4385 045F/03 $g438 046M $aZsfassung in engl. u. dt. Sprache. - Literaturverz. S. 70 - 72 lok: 4613899 24 101B $004-12-02 $t14:02:38.062 101C $004-03-96 145Z/01 $a14 8 G 81 145Z/02 $a14 9 D 145Z/03 $a2 M 1751 101U $0utf8 exp: 4613899 24 1 #EPN 201B/01 $017-11-04 $t14:43:41.000 201C/01 $004-03-96 203@/01 $010110099X 208@/01 $a04-03-96 $bz 209A/01 $a96.0078 a $du $f050 $h96 0078 / + 1 $x00 209C/01 $a96.0078 K $h96 0078 K 209G/01 $a70002507 $x00 247C/01 $8358050-7Marburg, Bibliothek des Herder-Instituts Marburg $9102600961 201U/01 $0utf8 exp: 4613899 24 2 #EPN 201B/02 $017-11-04 $t14:43:16.000 201C/02 $017-11-04 203@/02 $0221947043 208@/02 $a17-11-04 $br 209A/02 $a96.0078 b $du $f050 $h96 0078 / + 2 $x00 209C/02 $a04.3990 G $h04 3990 G 209G/02 $a70797062 $x00 247C/02 $8358050-7 Marburg, Bibliothek des Herder-Instituts Marburg $9102600961 201U/02 $0utf8 lok: 4613899 78 exp: 4613899 78 1 #EPN 201B/01 $029-09-21 $t05:31:11.000 201U/01 $0utf8 203@/01 $0794145299 208@/01 $a12-11-16 $be 209A/01 $a/ $f000 $x00 237A/01 $adt. Res.: Das Seidenhaus Weichmann in Gleiwitz - ein unbekanntes Werk von Erich Mendelsohn. - weiterführende Signatur(en): Herder-Institut: 96.0078 a 244Z/01 $2Trx $#Silesia $#Śląsk $#Sliezsko $#Slezsko $8--Trx--Schlesien $x01 $9391173987 244Z/01 $2Trx $8--Trx--Monographie $x02 $9391384546 244Z/01 $2Trx $#Poola $#Lenkija $#Polija $#Polen Land $#Poland $#Lengyelország $#Poľsko $#Polsko $8--Trx--Polska$gkraj $x03 $9391345966 244Z/01 $#Gleiwitz $#Gliwice $74021270-1 $8--Tg1--Gleiwitz $x04 $9085051853 244Z/01 $aGeschichte 1800-1948 $x05 244Z/01 $#Mendelsohn, Eric $#Mendelsohn, Erikh $#Mendelssohn, Erich $711858071X $8--Tp1--Mendelsohn, Erich$Z1887-1953 $x06 $908692172X 244Z/01 $2Trx $#arhitektid $#architektai $#architects $#épitészek $#architekci $#architekti $#architekti $8--Trx--Architekten $x07 $9391365967 244Z/01 $2Trx $#arhitektuur üldine $#architektūra bendras $#architecture general $#épitészet általános $#architektura ogólnie $#architektúra všeobecne $#architektura všeobecně $8--Trx--Architektur$gallgemein $x08 $9391356496 245Z/01 $a11.11 $x01 245Z/01 $a13.03 $x02 247C/01 $82080>Marburg/Lahn, Herder-Institut, Forschungsbibliothek, Bibliographieportal $9336309341
| LEADER | 00000cam a2200000 c 4500 | ||
|---|---|---|---|
| 001 | 046138994 | ||
| 003 | DE-603 | ||
| 005 | 20241018183225.0 | ||
| 007 | tu | ||
| 008 | 960304s1994 xx |||| | u00||u|pol c | ||
| 035 | |a (DE-599)HEB046138994 | ||
| 035 | |a (OCoLC)69570077 | ||
| 040 | |a DE-603 |b ger |c DE-603 |d DE-603 | ||
| 041 | |a pol | ||
| 082 | 0 | 4 | |8 1\u |a 709.4385 |q DE-101 |2 23/BSB |
| 085 | |8 1\u |b 709 | ||
| 085 | |8 1\u |z 2 |s 4385 | ||
| 085 | |8 1\u |z 2 |s 438 | ||
| 100 | 1 | |a Jodliński, Leszek |d 1967- |0 (DE-603)471335681 |0 (DE-588)1220641308 |2 gnd | |
| 245 | 0 | 0 | |a Dom tekstylny Weichmanna w Gliwicach - nieznane dzieło Ericha Mendelsohna |c Leszek Jodliński |
| 246 | 1 | 3 | |a Seidenhaus Weichmann |
| 264 | 1 | |a Gliwice |c 1994 | |
| 300 | |a 76 S. |b Ill., graph. Darst. | ||
| 490 | 1 | |a Seria monograficzna / Muzeum w Gliwicach |v 4 | |
| 500 | |a Zsfassung in engl. u. dt. Sprache. - Literaturverz. S. 70 - 72 | ||
| 651 | 7 | |a Seidenhaus Weichmann |g Gleiwitz |0 (DE-588)4407884-5 |0 (DE-603)088573966 |2 gnd | |
| 810 | 2 | 2 | |a Muzeum w Gliwicach |t Seria monograficzna |v 4 |w (DE-603)186249942 |w (DE-600)1228459-2 |9 14 |7 as |
| 924 | 0 | |9 Mb 50 |a (DE-603)10110099X |b DE-Mb50 |c HES |d c |g 96.0078 a | |
| 924 | 0 | |9 Mb 50 |a (DE-603)221947043 |b DE-Mb50 |c HES |d c |g 96.0078 b | |
| 924 | 0 | |9 2080 |a (DE-603)794145299 |b DE-2080 |c HES |d d |g / | |


